|
|
|
|
| LEADER |
02336nam a2200577 ia4500 |
| 001 |
nkc20162780243 |
| 003 |
CZ PrNK |
| 005 |
20160411133649.0 |
| 007 |
ta |
| 008 |
160225m20159999xr abe f c 000 0 cze |
| 015 |
|
|
|a cnb002780243
|
| 020 |
|
|
|a 978-80-86399-40-9
|q (svazek první ;
|q brožováno)
|
| 035 |
|
|
|a (OCoLC)946295315
|
| 040 |
|
|
|a ABA001
|b cze
|e rda
|
| 041 |
1 |
|
|a cze
|a eng
|h cze
|
| 043 |
|
|
|a e-xr---
|b e-xr-ol
|2 czenas
|
| 072 |
|
7 |
|a 903
|x Pravěk
|2 Konspekt
|9 8
|
| 080 |
|
|
|a 903.2
|2 MRF
|
| 080 |
|
|
|a 903"6375"
|2 MRF
|
| 080 |
|
|
|a 903.5
|2 MRF
|
| 080 |
|
|
|a (437.325)
|2 MRF
|
| 080 |
|
|
|a (083.82)
|2 MRF
|
| 100 |
1 |
|
|a Fojtík, Pavel,
|d 1978-
|7 xx0057007
|4 aut
|
| 245 |
1 |
0 |
|a Mohylová kultura střední doby bronzové na Prostějovsku I. :
|b katalog nálezů = Tumulus culture of the Middle Bronze Age in the Prostějov Region I. : catalogue of finds /
|c Pavel Fojtík
|
| 246 |
3 |
1 |
|a Tumulus culture of the Middle Bronze Age in the Prostějov Region I.
|
| 264 |
|
1 |
|a Brno :
|b Ústav archeologické památkové péče Brno, v.v.i.,
|c 2015-
|
| 300 |
|
|
|a ^^^svazků :
|b ilustrace (některé barevné), mapy, plány ;
|c 30 cm
|
| 336 |
|
|
|a text
|b txt
|2 rdacontent
|
| 337 |
|
|
|a bez média
|b n
|2 rdamedia
|
| 338 |
|
|
|a svazek
|b nc
|2 rdacarrier
|
| 490 |
1 |
|
|a Pravěk. Supplementum,
|x 1804-5731 ;
|v 30
|
| 504 |
|
|
|a Obsahuje bibliografie
|
| 505 |
1 |
|
|a svazek první. 2015. 235 stran
|
| 546 |
|
|
|a Částečně souběžný anglický text
|
| 650 |
0 |
7 |
|a archeologické nálezy
|7 ph137683
|z Česko
|2 czenas
|
| 650 |
0 |
7 |
|a střední doba bronzová
|7 ph307601
|z Česko
|2 czenas
|
| 650 |
0 |
7 |
|a mohyly
|7 ph166542
|z Česko
|2 czenas
|
| 650 |
0 |
9 |
|a antiquities
|z Czechia
|2 eczenas
|
| 650 |
0 |
9 |
|a middle bronze age
|z Czechia
|2 eczenas
|
| 650 |
0 |
9 |
|a mounds
|z Czechia
|2 eczenas
|
| 651 |
|
7 |
|a Prostějov (Česko : oblast)
|7 ge130532
|2 czenas
|
| 651 |
|
9 |
|a Prostějov Region (Czechia)
|2 eczenas
|
| 655 |
|
7 |
|a katalogy
|7 fd132535
|2 czenas
|
| 655 |
|
9 |
|a catalogs
|2 eczenas
|
| 830 |
|
0 |
|a Pravěk.
|p Supplementum
|0 s
|
| 910 |
2 |
|
|a BOA001
|b 4-1363.837
|s 1-
|
| 990 |
|
|
|a BK
|
| 995 |
|
|
|a 01
|
| 991 |
|
|
|b 201603
|c NOV
|
| 996 |
6 |
|
|b 2610663772
|c 4-1363.837
|d svazek 1
|v 1
|l MZK
|r Sklad / do 1 hodiny
|n 1
|p p.v.
|w 001550218
|u 000010
|a 1
|e BOA001
|j MZK50
|s P
|
| 996 |
7 |
|
|b 2610663773
|c 4-1363.837
|d svazek 1
|v 1
|l MZK
|r Sklad / do 1 hodiny
|n 1
|p p.v.
|w 001550218
|u 000020
|a 1
|e BOA001
|j MZK50
|s A
|